000 01606nam a2200301Ia 4500
003 OSt
005 20200917185248.0
008 191128t2010 ck gr 001 0dspa d
020 _a9789587195439
040 _aCO-JMCR
_cCO-JMCR
041 0 _aspa
082 0 4 _a801.95 /
_bV862r
_223
100 1 _aViviescas, Victor,
_eautor
_910439
245 1 0 _aRepresentaciones, identidades y ficciones :
_blectura crítica de las historias de la literatura latinoamericana /
_cCarmen Elisa Acosta Peñaloza, editora
260 _aBogotá :
_cUniversidad Nacional de Colombia,
_b2010
300 _a351 páginas ;
_c23 cm.
490 0 _aBiblioteca abierta. Literatura ;
_v389
500 _aIncluye datos biográficos de los autores e incluye índice de nombres, materias y de lugares.
504 _aBibliografía al final de cada capítulo.
505 0 _aLa cuestión latinoamericana como problemática de las historias de la literatura latinoamericana -- Problemas de la historia regional y las alternativas de una historia comparada en las historias de la literatura latinoamericana -- Historicismo literario
520 3 _aLa historia es pensada como una forma de producción de conocimiento que, más allá de apropiarse de una realidad en el pasado, concibe en la materialidad de la escritura su descripción como práctica y texto de cultura.
650 1 4 _aLiteratura latinoamericana
_910440
650 1 4 _aHistoria y crítica
_910441
650 1 4 _aCrítica literaria
_910442
650 1 4 _aAnálisis literario
_910443
700 1 _aAcosta Peñaloza, Carmen Elisa,
_eeditora
_910444
942 _2ddc
_cBK
999 _c6216
_d6216